Physiology and ecology of animal migration / (Record no. 757992)

MARC details
000 -LEADER
fixed length control field 00348nam a22001337a 4500
020 ## - INTERNATIONAL STANDARD BOOK NUMBER
ISBN 9798893650242
082 ## - DEWEY DECIMAL CLASSIFICATION NUMBER
Classification number 591.568 FER.P
100 ## - MAIN ENTRY--AUTHOR NAME
Personal name Ferguson, Brendan
245 ## - TITLE STATEMENT
Title Physiology and ecology of animal migration /
260 ## - PUBLICATION, DISTRIBUTION, ETC. (IMPRINT)
Place of publication New York:
Name of publisher Murphy and Moore,
Year of publication c2025.
300 ## - PHYSICAL DESCRIPTION
Number of Pages 230 p.
942 ## - ADDED ENTRY ELEMENTS (KOHA)
Source of classification or shelving scheme Dewey Decimal Classification
Koha item type Book
Holdings
Withdrawn status Lost status Source of classification or shelving scheme Damaged status Not for loan Home Library Current Location Shelving location Date acquired Source of acquisition Full call number Accession Number Price effective from Koha item type
    Dewey Decimal Classification     Dept. of Botany Dept. of Botany General Stacks 23/03/2026 Chapter books 591.568 FER.P BOT10987 23/03/2026 Book